000 00900cab a2200229 4500
001 ##L132964
008 060328n2006 000 0 eng u
035 _a(Sirsi) u132964
041 0 _aeng
100 1 _aPilkington, Lisa
245 0 0 _aFocus
_bGreater Manchester retail and leisure
260 _c2006
490 0 _aEstates Gazette
_v(0612) 25 March 2006, 77-95(14)
520 _aLooks at the retail and leisure market in Greater Manchester. Reports on the rebuilt Arndale Centre, the Spinningfields regeneration project, the planned redevelopment of the Piccadilly area, the future for independent retailers in the city centre, and developments in Wigan and Stockport.
590 _aIKA280306
690 _aPROPERTY-COMMERCIAL PROPERTY-RETAIL PROPERTY
700 1 _aPio Kivlehan, Noella
700 1 _aThame, David
700 1 _aQuinn, David
700 1 _aElghamry, Nadia
942 _n0
999 _c76722
_d76722